10. Mártély

Elmentve itt :
Bibliográfiai részletek
Szerző: Szeremlei Sámuel
Dokumentumtípus: Könyv része
Megjelent: 1900
Sorozat:Hód-Mező-Vásárhely története : a hon ezer éves fennállása emlékezetére 1
Kulcsszavak:Hódmezővásárhely története, Régészet Hódmezővásárhely
Online Access:http://misc.bibl.u-szeged.hu/2876
LEADER 00636naa a2200169 i 4500
001 misc2876
005 20200430141340.0
008 170607s1900 hu o 0|| hun d
040 |a SZTE Miscellanea Repozitórium  |b hun 
041 |a hun 
100 1 |a Szeremlei Sámuel 
245 1 0 |a 10. Mártély  |h [elektronikus dokumentum] /  |c  Szeremlei Sámuel 
260 |c 1900 
300 |a 461-481 
490 0 |a Hód-Mező-Vásárhely története : a hon ezer éves fennállása emlékezetére  |v 1 
695 |a Hódmezővásárhely története, Régészet Hódmezővásárhely 
856 4 0 |u http://misc.bibl.u-szeged.hu/2876/1/hod_001_461-481.pdf  |z Dokumentum-elérés